Former Names for Countries - Statistics

General Stats
  • This quiz has been taken 78 times
  • The average score is 22 of 30
Answer Stats
Hint Answer % Correct
Persia Iran
100%
Czechoslovakia Czech Republic/Slovakia
98%
Burma Myanmar
98%
USSR Russia
98%
Zaire Democratic Republic of the Congo
96%
Holland Netherlands
96%
Siam Thailand
96%
Southern Rhodesia Zimbabwe
93%
Swaziland Eswatini
91%
East Pakistan Bangladesh
89%
Abyssinia Ethiopia
88%
Ceylon Sri Lanka
88%
Northern Rhodesia Zambia
88%
Tanganyika Tanzania
86%
Dutch Guiana Suriname
80%
British Guiana Guyana
79%
Democratic Kampuchea Cambodia
77%
South West Africa Namibia
77%
French Somaliland Djibouti
73%
Gold Coast Ghana
66%
Canaan Israel/Palestine
63%
Phoenicia Lebanon
55%
Republic of Upper Volta Burkina Faso
52%
Basutoland Lesotho
50%
Republic of Dahomey Benin
48%
Bechuanaland Protectorate Botswana
48%
Nyasaland Malawi
48%
New Hebrides Vanuatu
45%
Ellice Islands Tuvalu
43%
Trucial States United Arab Emirates
29%
No matching quizzes found
Score Distribution
Percent of People with Each Score
Percentile by Number Answered
Your Score History
You have not taken this quiz